000
00229nam a2200097Ia 4500
001
672013
005
20250826160836.0
008
250824s9999 xx 000 0 und d
245
0
_a
Akıl Labirenti
_c
Markus Sakey
260
_b
KORİDOR
999
_c
672013
_d
672013